000 03723nam0a22003491 4500
001 rc\2913085
005 20110808200002.9
035 _a(NLR Aleph) 007063665
090 _a6311030
_c6311029
100 _a20110808d1934 |||y0rusy50 ca
101 0 _arus
102 _aRU
105 _aa z |||||
200 1 _aСборник научных трудов
_e(Обогащение и металлургия золота и платины)
_fПод ред. проф. И.Н. Плаксина и проф. С.М. Ясюкевича
210 _aМосква
_aЛенинград
_aСвердловск
_cМеталлургиздат
_d1934
_eЛенинград
_gтип. им. Бухарина
215 _aОбл., 152 с.
_cграф., схем.
_d23х15 см
327 1 _aСодерж.: Ясюкевич С.М., Шафеев Ш.С. Извлечение металлов из отвалов Риддерской обогатительной фабрики.- Ясюкевич С.М., Шафеев Ш.С. К вопросу о рациональной схеме обогащения Риддерских золотосодержащих свинцовоцинковых руд.- Шафеев Ш.С. Флотационные опыты по подбору депрессантов для селективной флотации Риддерских руд.- Изучение распределения металлов в классах по крупности в продуктах флотации Риддерских руд.- Плаксин И.Н., Штамова С.М. Методика амальгамационной пробы на платину.- Плаксин И.Н., Шибаев С.В. Скорость растворения золота в цианистых растворах.- Плаксин И.Н., Шабарин С.В. Исследование шламов (эфелей) Сталинского рудника
464 0 _12001#$aИзвлечение металлов из отвалов Риддерской обогатительной фабрики
_1700#1$aЯсюкевич$bС.М.$4070
_1701#1$aШафеев$bШ.С.$4070
464 0 _12001#$aК вопросу о рациональной схеме обогащения Риддерских золотосодержащих свинцовоцинковых руд
_1700#1$aЯсюкевич$bС.М.$4070
_1701#1$aШафеев$bШ.С.$4070
464 0 _12001#$aФлотационные опыты по подбору депрессантов для селективной флотации Риддерских руд
_1700#1$aШафеев$bШ.С.$4070
464 0 _12001#$aИзучение распределения металлов в классах по крупности в продуктах флотации Риддерских руд
464 0 _12001#$aМетодика амальгамационной пробы на платину
_1700#1$aПлаксин$bИ.Н.$4070
_1701#1$aШтамова$bС.М.$4070
464 0 _12001#$aСкорость растворения золота в цианистых растворах
_1700#1$aПлаксин$bИ.Н.$4070
_1701#1$aШибаев$bС.В.$4070
464 0 _12001#$aИсследование шламов (эфелей) Сталинского рудника
_1700#1$aПлаксин$bИ.Н.$4070
_1701#1$aШабарин$bС.В.$4070
702 1 _aПлаксин
_bИ. Н.
_gИгорь Николаевич
_4340
702 1 _aЯсюкевич
_bС. М.
_4340
710 0 2 _aКрасноярский институт цветных металлов им. М.И. Калинина
801 0 _aRU
_bNLR
_gpsbo
801 1 _aRU
_bELAR
_2rusmarc
852 _aNLR
_j34-4/2318
942 _cBOOK
980 _aNB